000 00865nam a2200229 i 4500
001 bg
100 1 _aChmielnicki, Witold.
245 1 0 _aRegulacja automatyczna urządzeń ciepłowniczych :
_bczęść teoretyczna /
_cWitold Chmielnicki.
250 _aWyd. 3.
260 _aWarszawa :
_bFundacja Rozwoju Ciepłownictwa "Unia Ciepłownictwa",
_c1997.
300 _a70, [2] s. :
_brys., wykr. ;
_c30 cm.
490 1 _aCiepłownictwo : poradnik : eksploatacja, projektowanie, inwestycje / Fundacja Rozwoju Ciepłownictwa "Unia Ciepłownictwa".
501 _aBibliogr. s. [71].
650 9 _aSieć cieplna
_xautomatyzacja
655 _aPoradniki
830 0 _aCiepłownictwo / Fundacja Rozwoju Ciepłownictwa "Unia Ciepłownictwa"
040 _cBPK
041 _apl
080 _a697:681.5](083.1)
942 _cKA
008 s pl f |000 0 pol
999 _c10045
_d10045
856 _uhttp://koha.tu.koszalin.pl/cgi-bin/koha/opac-detail.pl?biblionumber=10045
_yKatalog online BPK